Lexikon ocelí

Na minha lista:
Detalhes bibliográficos
Formato: Periódico
Tags: Adicionar Tag
Sem tags, seja o primeiro a adicionar uma tag!

MARC

LEADER 00000nas a22000003a 4500
001 stu258614
005 20141123162858.3
008 121204s--------------------------------d
040 |a STU  |b slo 
041 0
245 |a Lexikon ocelí 
773 0 |t Lexikon ocelí :  |w stu_us_cat*stu127605  |x 1802-3029  |7 nnas 
996 |b 284M084116  |c M*CD-2202  |d 26/12, listopad 2012  |v 26/12  |i listopad 2012  |l MMKN  |s A  |a 24  |w stu258614_0001